000
00310nam a2200109Ia 4500
008
171211s9999 xx 000 0 und d
245
_a
Chrono Cross Official Strategy Guide
245
_c
Dan Birlew & Ken Schmidt
260
_c
2000
650
_x
GAMES
856
_u
http://down.ebook777.com/055/9780744000177.pdf
999
_c
348927
_d
348927